| 000 | 00435nam a22001817a 4500 | ||
|---|---|---|---|
| 003 | NUST | ||
| 005 | 20220311103524.0 | ||
| 020 | _a0-283-99035-x | ||
| 038 | _aMuzammil SMME | ||
| 082 |
_a997.11 _bETH |
||
| 100 |
_aEthell, Jeffrey. _990562 |
||
| 245 |
_aAir War : _bsouth atlantic\ _cJeffrey Ethell. |
||
| 260 |
_aLondon _bSidgwick _c1983 |
||
| 300 | _a260,p.; | ||
| 563 | _ahardcover | ||
| 650 |
_aAir war _990563 |
||
| 942 |
_2ddc _cBK |
||
| 999 |
_c588728 _d588728 |
||